Maths - Divide by 12 - Sudden Death - Statistics

General Stats
  • This quiz has been taken 76 times
    39 since last reset
  • The average score is 11 of 20
Answers on the Grid
Answers color-coded by a green-red scale on the quiz's grid according to % correct below.
1008
996
985
972
864
852
820
792
768
722
702
698
648
612
576
528
512
492
482
442
396
372
332
252
216
212
192
156
84
60
 
Answer Stats
Answer % Correct
60
77%
1008
73%
84
73%
216
64%
972
64%
996
64%
156
59%
192
59%
396
55%
648
55%
864
55%
252
50%
372
50%
492
50%
612
50%
792
45%
852
45%
528
41%
768
41%
576
36%
No matching quizzes found
Score Distribution
Percent of People with Each Score
Percentile by Number Answered
Your Score History
You have not taken this quiz since the last reset